Professsional Ethics : (Record no. 5842)

MARC details
000 -LEADER
fixed length control field 00521nam a22001817a 4500
003 - CONTROL NUMBER IDENTIFIER
control field OSt
005 - DATE AND TIME OF LATEST TRANSACTION
control field 20170806113549.0
008 - FIXED-LENGTH DATA ELEMENTS--GENERAL INFORMATION
fixed length control field 140126b xxu||||| |||| 00| 0 eng d
020 ## - INTERNATIONAL STANDARD BOOK NUMBER
International Standard Book Number 9788180380532
040 ## - CATALOGING SOURCE
Original cataloging agency LDCLIB
Transcribing agency LDCLIB
082 ## - DEWEY DECIMAL CLASSIFICATION NUMBER
Edition number 22
Classification number 347.06
Item number RAM
100 ## - MAIN ENTRY--PERSONAL NAME
Personal name Ramachandran, Raju.
245 ## - TITLE STATEMENT
Title Professsional Ethics :
Remainder of title changing profession, changing ethics /
Statement of responsibility, etc Raju Ramachandran.
260 ## - PUBLICATION, DISTRIBUTION, ETC. (IMPRINT)
Place of publication, distribution, etc India :
Name of publisher, distributor, etc Lexis Nexis,
Date of publication, distribution, etc 2004.
300 ## - PHYSICAL DESCRIPTION
Extent xv,160 p. ;
Dimensions 22 cm.
650 ## - SUBJECT ADDED ENTRY--TOPICAL TERM
Topical term or geographic name as entry element Professional ethics
942 ## - ADDED ENTRY ELEMENTS (KOHA)
Source of classification or shelving scheme Dewey Decimal Classification
Koha item type Books
Holdings
Withdrawn status Lost status Source of classification or shelving scheme Damaged status Not for loan Home library Current library Shelving location Date acquired Total Checkouts Full call number Barcode Date last seen Price effective from Koha item type Public note
    Dewey Decimal Classification     Law Development Centre Main Library Law Development Centre Main Library Text Books and Laws 01/26/2014   347.06 RAM 7141/2014 01/26/2014 01/26/2014 Books reserve